Az élelmiszer-kiskereskedelemi láncok marketingstratégiájának elemzése, különös tekintettel a hard-diszkontokra vonatkozóan

Bibliográfiai részletek
Szerző: Tánczos-Szabó Barbara
További közreműködők: Jäckel Dr. Katalin
Dokumentumtípus: Diplomadolgozat
Kulcsszavak:Marketingstatégia
Kiskereskedelem
Marketing
Diszkont áruház
Online Access:http://dolgozattar.uni-bge.hu/18792

MARC

LEADER 00000nta a2200000 i 4500
001 dolg18792
005 20200323071202.0
008 181203suuuu hu om 000 hun d
040 |a BGE Dolgozattár Repozitórium  |b hun 
041 |a hu 
100 1 |a Tánczos-Szabó Barbara 
245 1 3 |a Az élelmiszer-kiskereskedelemi láncok marketingstratégiájának elemzése, különös tekintettel a hard-diszkontokra vonatkozóan  |c Tánczos-Szabó Barbara  |h [elektronikus dokumentum] 
695 |a Marketingstatégia 
695 |a Kiskereskedelem 
695 |a Marketing 
695 |a Diszkont áruház 
700 1 |a Jäckel Dr. Katalin  |e ths 
856 4 0 |u http://dolgozattar.uni-bge.hu/18792/1/Szakdolgozat.pdf  |z Dokumentum-elérés